Taittiriya Upanishad/ (Record no. 189256)

MARC details
000 -LEADER
fixed length control field 00537nam a22001817a 4500
005 - DATE AND TIME OF LATEST TRANSACTION
control field 20220622151226.0
010 ## - LCCN (DPL NO)
LC control number ENG-133327
020 ## - INTERNATIONAL STANDARD BOOK NUMBER
International Standard Book Number 9788179941737
Terms of availability 50.00
035 ## - SYSTEM CONTROL NUMBER
System control number EN-116859
037 ## - SOURCE OF ACQUISITION
Source of stock number/acquisition DBAD/PUB
082 ## - DEWEY DECIMAL CLASSIFICATION NUMBER
Classification number 220.21
100 ## - MAIN ENTRY--PERSONAL NAME
Personal name Kashyap, R.L.
245 ## - TITLE STATEMENT
Title Taittiriya Upanishad/
Statement of responsibility, etc R.L. Kashyap
260 ## - PUBLICATION, DISTRIBUTION, ETC. (IMPRINT)
Place of publication, distribution, etc Bengaluru
Name of publisher, distributor, etc Sakshi
Date of publication, distribution, etc 2018
270 ## - ADDRESS
Address # 63, 13th Main, 4th Block East, Jayanagar
City Bengaluru
Postal code 560011
Electronic mail address info@vedah.com
300 ## - PHYSICAL DESCRIPTION
Extent viii, 111p.
Dimensions 21cm(pbk)
942 ## - ADDED ENTRY ELEMENTS (KOHA)
Source of classification or shelving scheme Dewey Decimal Classification
Item type English Books
Classification part 220.21
Call number suffix KAS
Holdings
Withdrawn status Lost status Not for loan Collection code Home library Current library Date acquired Source of acquisition Cost, normal purchase price Full call number Barcode Copy number Cost, replacement price Koha item type
      Non-fiction Bawana Bawana 22/06/2022 DBAD/PUB 50.00 220.21 KAS EN-116859 1 50.00 English Books

© Delhi Public Library
Hit Counter
free hit counter